Word Ladder: Golden Globes 2017 Quiz Stats

 Plays Quiz Updated May 12, 2018

Challenge
Share
Tweet
Embed
Score 0/30 Timer 03:00
3 Plays Today
Hint 4-Letter Word % Correct
* Nominated film 'Hell or ____ Water' **HIGH*
97.4%
Let out a deep breath SIGH
96.8%
A ten-cent coin in USADIME
93.3%
Villains in Star WarsSITH
92.8%
Judi Dench's titleDAME
92%
LocationSITE
91.1%
Moist, slightly wetDAMP
90.7%
Shade of light greenLIME
89.3%
LanternLAMP
87.8%
Trig functionSINE
87.6%
Hand over temporarilyLEND
80.9%
Barbie or Raggedy Ann, e.g.DOLL
79.6%
The biggest role in the movieLEAD
78%
Collection of votes in an electionPOLL
76.3%
Hand out cardsDEAL
75%
Hint 4-Letter Word % Correct
Spiritual teacher or guruLAMA
72.7%
Small valleyDELL
71.7%
Actress TurnerLANA
71.1%
* Winning Musical/Comedy: '[Rung 18] [Rung 22]' **LAND*
68.1%
* Nominated film '[Rung 25] [Rung 30]' **DEAD*
64.2%
* Winning Musical/Comedy: '[Rung 18] [Rung 22]' **LA LA*
63.1%
Bad, en EspaƱolMALA
45.8%
* Nominated film '[Rung 25] [Rung 30]' **POOL*
44.7%
* Nominated film starring Dev Patel **LION*
43.5%
Magical energy in D&DMANA
43.4%
To depict in painting or wordsLIMN
41.8%
Another name for JerusalemZION
39.6%
* Nominated film '____ Street' **SING*
32.4%
'A People's History of the United States' authorZINN
29.1%
Energy, enthusiasm or livelinessZING
25.7%

Today's Daily Dose

You're not logged in!

Compare scores with friends on all Sporcle quizzes.
Join for Free
OR
Log In

You Might Also Like...

Show Comments

Extras

Top Quizzes Today


Score Distribution

Your Account Isn't Verified!

In order to create a playlist on Sporcle, you need to verify the email address you used during registration. Go to your Sporcle Settings to finish the process.

Report this User

Report this user for behavior that violates our Community Guidelines.

Details: